都道府県を分断する自治体 - Statistics

General Stats
  • This quiz has been taken 171 times
    17 since last reset
  • The average score is 48 of 110
Answer Stats
Hint Answer % Correct
鳥取県 鳥取市
75%
青森県 八戸市
69%
青森県 むつ市
69%
宮城県 仙台市
69%
鳥取県 米子市
69%
北海道 八雲町
63%
三重県 津市
63%
京都府 京都市
63%
広島県 広島市
63%
山口県 山口市
63%
福岡県 福岡市
63%
山形県 酒田市
56%
埼玉県 秩父市
56%
千葉県 南房総市
56%
岐阜県 高山市
56%
静岡県 静岡市
56%
静岡県 浜松市
56%
三重県 松阪市
56%
和歌山県 田辺市
56%
香川県 高松市
56%
香川県 さぬき市
56%
愛媛県 宇和島市
56%
佐賀県 佐賀市
56%
佐賀県 唐津市
56%
長崎県 長崎市
56%
長崎県 佐世保市
56%
福島県 相馬市
50%
神奈川県 横浜市
50%
神奈川県 横須賀市
50%
富山県 富山市
50%
富山県 高岡市
50%
石川県 金沢市
50%
石川県 小松市
50%
石川県 白山市
50%
福井県 小浜市
50%
福井県 若狭町
50%
愛知県 豊橋市
50%
三重県 四日市市
50%
三重県 尾鷲市
50%
大阪府 泉佐野市
50%
大阪府 泉南市
50%
島根県 浜田市
50%
島根県 益田市
50%
山口県 萩市
50%
山口県 岩国市
50%
愛媛県 新居浜市
50%
愛媛県 西条市
50%
長崎県 諫早市
50%
秋田県 由利本荘市
44%
茨城県 高萩市
44%
千葉県 市川市
44%
新潟県 新発田市
44%
新潟県 上越市
44%
富山県 黒部市
44%
福井県 敦賀市
44%
福井県 南越前町
44%
福井県 おおい町
44%
三重県 桑名市
44%
三重県 熊野市
44%
大阪府 阪南市
44%
大阪府 豊能町
44%
和歌山県 那智勝浦町
44%
愛媛県 八幡浜市
44%
佐賀県 鳥栖市
44%
長崎県 大村市
44%
熊本県 阿蘇市
44%
青森県 鰺ヶ沢町
38%
宮城県 石巻市
38%
栃木県 佐野市
38%
新潟県 柏崎市
38%
石川県 羽咋市
38%
福井県 坂井市
38%
愛知県 | 福井県 美浜町
38%
山梨県 身延町
38%
三重県 鈴鹿市
38%
京都府 南丹市
38%
大阪府 貝塚市
38%
和歌山県 かつらぎ町
38%
山口県 周南市
38%
高知県 四万十市
38%
高知県 四万十町
38%
福岡県 豊前市
38%
佐賀県 鹿島市
38%
石川県 宝達志水町
31%
三重県 紀北町
31%
兵庫県 香美町
31%
広島県 廿日市市
31%
香川県 三豊市
31%
愛媛県 西予市
31%
高知県 安芸市
31%
佐賀県 みやき町
31%
長崎県 雲仙市
31%
熊本県 八代市
31%
鹿児島県 中種子町
31%
沖縄県 名護市
31%
青森県 三戸町
25%
群馬県 太田市
25%
新潟県 胎内市
25%
大阪府 岸和田市
25%
岡山県 美作市
25%
福岡県 みやま市
25%
長崎県 東彼杵町
25%
熊本県 南小国町
25%
宮崎県 小林市
25%
鹿児島県 霧島市
25%
福岡県 築上町
19%
佐賀県 神埼市
19%
長崎県 川棚町
19%
鹿児島県 奄美市
19%
No matching quizzes found
Score Distribution
Percent of People with Each Score
Percentile by Number Answered
Your Score History
You have not taken this quiz since the last reset